| 000 | 00728nam a2200229Ia 4500 | ||
|---|---|---|---|
| 005 | 20240109092058.0 | ||
| 008 | 131103s9999 xx 000 0 und d | ||
| 020 | _a8175541431 | ||
| 040 | _aLoreto College | ||
| 041 | _aEnglish | ||
| 082 |
_a428 _bFOS |
||
| 100 | _aFoster, Timothy R. V. | ||
| 245 |
_a101 Ways to Better Business Writing, _b _cTimothy R V Foster |
||
| 250 | _aHow to express yourself more powerfully and improve your written communication skills | ||
| 260 |
_aNew Delhi _bKogan Page India Private Limited _c2001 |
||
| 300 |
_a160p _b graphs, charts, ill. |
||
| 504 | _aFirst Indian Edition 2001. Reprinted 2003 | ||
| 650 | _aWriting | ||
| 651 | _aBusiness Writing | ||
| 850 | _aLCLIB | ||
| 942 | _cBK | ||
| 999 |
_c3500 _d53979 |
||